Vzdelávanie pre digitálnu generáciu

Digitálne zručnosti a počítačové vybavenie v školách. Digitálna generácia - jej hlavné znaky. Štyri kľúčové trendy vo vzdelávaní.

Enregistré dans:
Détails bibliographiques
Auteur principal: Potisková, Ingrid
Format: Chapitre de livre
Langue:slovaque
Sujets:
Tags: Ajouter un tag
Pas de tags, Soyez le premier à ajouter un tag!

MARC

LEADER 00000nla a2200000 4500
001 0204308
005 20240502073417.9
041 0 |a slo 
044 |a SK 
245 1 0 |a Vzdelávanie pre digitálnu generáciu  |c Ingrid Potisková 
520 |a Digitálne zručnosti a počítačové vybavenie v školách. Digitálna generácia - jej hlavné znaky. Štyri kľúčové trendy vo vzdelávaní. 
610 2 0 |a vzdelávanie 
610 2 0 |a kvalita vzdelávania 
610 2 0 |a digitalizácia 
100 1 |a Potisková, Ingrid